| 000 | 00474nam a22001697a 4500 | ||
|---|---|---|---|
| 005 | 20251108172650.0 | ||
| 008 | 250721s2002 xx 000 0 ara d | ||
| 082 | 1 | 4 | _a793,73/حشي |
| 100 | 1 | _aحشيمة، سامر | |
| 245 | 1 | 0 |
_aللأذكياء فقط : _bألغاز وأحاجي / |
| 264 | 1 |
_aعمان : _bدار عالم الثقافة، _c2002. |
|
| 300 | _a97 ص. | ||
| 650 | 1 | 7 | _aالألغاز |
| 650 | 1 | 7 | _aالذكاء |
| 942 |
_2ddc _cBK |
||
| 999 |
_c85354 _d85354 |
||